[Event "65+ World Senior Team Championship"]
[Site "chess24.com"]
[Date "2017.04.28"]
[Round "5"]
[White "Salov, Sergej"]
[Black "Singer, Hans"]
[Result "1/2-1/2"]
[Board "2"]
[WhiteElo "2190"]
[WhiteTitle "IM"]
[WhiteCountry "GER"]
[WhiteFideId "4107926"]
[WhiteEloChange "1"]
[BlackElo "2213"]
[BlackTitle "FM"]
[BlackCountry "AUT"]
[BlackFideId "1600800"]
[BlackEloChange "-1"]

1. e4 {[%clk 1:30:43]} e5 {[%clk 1:30:55]} 2. Nf3 {[%clk 1:30:47]} Nc6 {[%clk
1:31:15]} 3. Bb5 {[%clk 1:30:58]} Bc5 {[%clk 1:31:35]} 4. c3 {[%clk 1:30:13]} Nf6
{[%clk 1:31:47]} 5. d4 {[%clk 1:26:44]} exd4 {[%clk 1:25:58]} 6. cxd4 {[%clk
1:19:34]} Bb4+ {[%clk 1:24:39]} 7. Kf1 {[%clk 1:00:28]} Nxe4 {[%clk 1:19:40]} 8.
d5 {[%clk 0:57:25]} Nd6 {[%clk 1:14:01]} 9. Bxc6 {[%clk 0:40:11]} dxc6 {[%clk
1:13:06]} 10. Qd4 {[%clk 0:40:08]} O-O {[%clk 1:12:58]} 11. Qxb4 {[%clk 0:39:31]}
cxd5 {[%clk 1:13:08]} 12. Bg5 {[%clk 0:37:42]} f6 {[%clk 1:11:00]} 13. Bf4 {[%clk
0:37:02]} Nf7 {[%clk 1:11:09]} 14. Qc3 {[%clk 0:34:00]} c6 {[%clk 1:10:56]} 15.
Nbd2 {[%clk 0:33:26]} Bd7 {[%clk 1:06:45]} 16. b4 {[%clk 0:25:12]} Re8 {[%clk
0:59:02]} 17. h3 {[%clk 0:23:26]} a5 {[%clk 0:56:50]} 18. Be3 {[%clk 0:21:28]}
Nd6 {[%clk 0:50:50]} 19. Nb3 {[%clk 0:15:44]} Ne4 {[%clk 0:45:41]} 20. Qd4 {[%clk
0:15:13]} axb4 {[%clk 0:45:45]} 21. Qxb4 {[%clk 0:14:54]} b5 {[%clk 0:44:07]} 22.
Nc5 {[%clk 0:12:54]} Qe7 {[%clk 0:42:30]} 23. a3 {[%clk 0:11:43]} Bc8 {[%clk
0:36:18]} 24. Re1 {[%clk 0:10:49]} Qc7 {[%clk 0:35:57]} 25. Nd2 {[%clk 0:09:33]}
Bf5 {[%clk 0:25:13]} 26. g4 {[%clk 0:08:58]} Nxc5 {[%clk 0:22:50]} 27. Qxc5
{[%clk 0:08:59]} Bd7 {[%clk 0:17:21]} 28. Kg2 {[%clk 0:07:47]} f5 {[%clk
0:17:23]} 29. Rc1 {[%clk 0:06:42]} fxg4 {[%clk 0:16:05]} 30. hxg4 {[%clk
0:06:13]} Bxg4 {[%clk 0:14:06]} 31. Qxd5+ {[%clk 0:04:32]} Be6 {[%clk 0:12:25]}
32. Qd3 {[%clk 0:04:18]} g6 {[%clk 0:12:18]} 33. Ne4 {[%clk 0:04:17]} Qf7 {[%clk
0:09:37]} 34. Ng5 {[%clk 0:02:55]} Bd5+ {[%clk 0:09:43]} 35. f3 {[%clk 0:03:04]}
Qd7 {[%clk 0:07:18]} 36. Kg3 {[%clk 0:02:09]} Rf8 {[%clk 0:01:18]} 37. Bc5 {[%clk
0:01:46]} Rf5 {[%clk 0:01:12]} 38. f4 {[%clk 0:01:37]} Rxg5+ {[%clk 0:01:09]} 39.
fxg5 {[%clk 0:01:51]} Qc7+ {[%clk 0:01:24]} 40. Kh3 {[%clk 0:31:24]} Bxh1 {[%clk
0:30:34]} 41. Rxh1 {[%clk 0:31:27]} Rd8 {[%clk 0:29:54]} 42. Qb3+ {[%clk
0:23:18]} Kg7 {[%clk 0:27:20]} 43. Rd1 {[%clk 0:21:44]} Rxd1 {[%clk 0:23:14]} 44.
Qxd1 {[%clk 0:21:45]} h6 {[%clk 0:23:13]} 45. Qd4+ {[%clk 0:17:04]} Kh7 {[%clk
0:23:40]} 46. Qh4 {[%clk 0:16:54]} Qd7+ {[%clk 0:22:44]} 47. Qg4 {[%clk 0:07:49]}
Qxg4+ {[%clk 0:20:40]} 48. Kxg4 {[%clk 0:08:11]} hxg5 {[%clk 0:21:06]} 49. Kxg5
{[%clk 0:08:11]} 1/2-1/2

[Event "65+ World Senior Team Championship"]
[Site "chess24.com"]
[Date "2017.04.28"]
[Round "5"]
[White "Birnboim, Nathan"]
[Black "Nordstrom, Felix"]
[Result "1/2-1/2"]
[Board "1"]
[WhiteElo "2355"]
[WhiteTitle "IM"]
[WhiteCountry "ISR"]
[WhiteFideId "2800209"]
[WhiteEloChange "-6"]
[BlackElo "2139"]
[BlackTitle "FM"]
[BlackCountry "SWE"]
[BlackFideId "1701509"]
[BlackEloChange "6"]

1. Nf3 {[%clk 1:30:54]} d5 {[%clk 1:30:49]} 2. e3 {[%clk 1:28:26]} Nf6 {[%clk
1:30:03]} 3. c4 {[%clk 1:27:42]} c6 {[%clk 1:26:44]} 4. b3 {[%clk 1:24:51]} g6
{[%clk 1:24:28]} 5. Bb2 {[%clk 1:25:09]} Bg7 {[%clk 1:24:48]} 6. Be2 {[%clk
1:23:43]} Bg4 {[%clk 1:23:55]} 7. O-O {[%clk 1:23:19]} Nbd7 {[%clk 1:22:52]} 8.
d3 {[%clk 1:18:14]} O-O {[%clk 1:19:45]} 9. Nbd2 {[%clk 1:18:07]} Ne8 {[%clk
1:15:59]} 10. Bxg7 {[%clk 1:17:22]} Nxg7 {[%clk 1:16:01]} 11. h3 {[%clk 1:16:28]}
Bxf3 {[%clk 1:15:54]} 12. Nxf3 {[%clk 1:16:20]} e5 {[%clk 1:09:57]} 13. cxd5
{[%clk 1:16:22]} cxd5 {[%clk 1:07:01]} 14. b4 {[%clk 1:16:37]} Qe7 {[%clk
1:04:25]} 15. Qb3 {[%clk 1:15:34]} Qd6 {[%clk 1:00:52]} 16. Rac1 {[%clk 1:08:19]}
Rac8 {[%clk 0:59:25]} 17. Nd2 {[%clk 0:59:22]} Ne6 {[%clk 0:54:26]} 18. Bf3
{[%clk 0:57:29]} Nf6 {[%clk 0:49:41]} 19. g3 {[%clk 0:53:07]} b5 {[%clk 0:44:00]}
20. h4 {[%clk 0:52:56]} d4 {[%clk 0:43:40]} 21. Ne4 {[%clk 0:49:28]} Nxe4 {[%clk
0:43:53]} 22. Bxe4 {[%clk 0:49:41]} Qb6 {[%clk 0:41:14]} 23. exd4 {[%clk
0:38:42]} Nxd4 {[%clk 0:41:15]} 24. Qb2 {[%clk 0:39:06]} Rc7 {[%clk 0:35:59]} 25.
Rxc7 {[%clk 0:36:25]} Qxc7 {[%clk 0:36:27]} 26. Kg2 {[%clk 0:34:19]} Rc8 {[%clk
0:35:49]} 27. Qd2 {[%clk 0:32:32]} Qd6 {[%clk 0:34:02]} 28. Rc1 {[%clk 0:32:04]}
Rc7 {[%clk 0:28:56]} 29. h5 {[%clk 0:30:11]} Ne6 {[%clk 0:21:49]} 30. hxg6 {[%clk
0:26:11]} hxg6 {[%clk 0:21:57]} 31. Rh1 {[%clk 0:26:07]} Qf8 {[%clk 0:20:15]} 32.
Bd5 {[%clk 0:25:57]} Qd6 {[%clk 0:16:06]} 33. Be4 {[%clk 0:26:19]} Qf8 {[%clk
0:16:12]} 34. Qe3 {[%clk 0:25:47]} Qd8 {[%clk 0:15:09]} 35. Qh6 {[%clk 0:23:33]}
Qf6 {[%clk 0:14:28]} 36. Qh7+ {[%clk 0:12:22]} Kf8 {[%clk 0:14:56]} 37. Qh8+
{[%clk 0:12:28]} Qxh8 {[%clk 0:13:59]} 38. Rxh8+ {[%clk 0:12:57]} Ke7 {[%clk
0:13:40]} 39. Rb8 {[%clk 0:11:16]} Nd4 {[%clk 0:10:51]} 40. Kh3 {[%clk 0:39:51]}
Ke6 {[%clk 0:37:17]} 41. Re8+ {[%clk 0:36:28]} Kf6 {[%clk 0:35:02]} 42. Rd8
{[%clk 0:34:09]} Ke6 {[%clk 0:31:30]} 43. f4 {[%clk 0:30:45]} Rd7 {[%clk
0:29:32]} 44. Re8+ {[%clk 0:29:49]} Re7 {[%clk 0:29:38]} 45. Bd5+ {[%clk
0:27:46]} Kd7 {[%clk 0:27:31]} 46. Rxe7+ {[%clk 0:27:21]} Kxe7 {[%clk 0:27:59]}
47. fxe5 {[%clk 0:27:44]} Nc2 {[%clk 0:27:20]} 48. a3 {[%clk 0:27:40]} Nxa3
{[%clk 0:26:48]} 49. Bb3 {[%clk 0:28:07]} Nb1 {[%clk 0:25:36]} 50. Kg2 {[%clk
0:26:39]} f6 {[%clk 0:24:27]} 51. e6 {[%clk 0:22:04]} Kd6 {[%clk 0:21:46]} 52.
Kf2 {[%clk 0:21:46]} Nc3 {[%clk 0:21:52]} 53. Ke3 {[%clk 0:20:56]} Na4 {[%clk
0:21:19]} 54. Kd4 {[%clk 0:19:50]} f5 {[%clk 0:18:14]} 55. g4 {[%clk 0:18:36]}
fxg4 {[%clk 0:17:46]} 56. Ke3 {[%clk 0:13:36]} Nb6 {[%clk 0:17:13]} 57. Kf4
{[%clk 0:13:40]} Na8 {[%clk 0:16:28]} 58. d4 {[%clk 0:11:58]} Nc7 {[%clk
0:16:34]} 59. d5 {[%clk 0:11:15]} Na6 {[%clk 0:16:04]} 60. Kxg4 {[%clk 0:11:35]}
Nxb4 {[%clk 0:16:10]} 61. Kg5 {[%clk 0:11:39]} Na6 {[%clk 0:14:11]} 62. Kxg6
{[%clk 0:10:49]} Nc7 {[%clk 0:11:52]} 63. Kf5 {[%clk 0:10:47]} a5 {[%clk
0:12:02]} 64. Ke4 {[%clk 0:10:35]} a4 {[%clk 0:11:53]} 65. Ba2 {[%clk 0:10:41]}
b4 {[%clk 0:11:55]} 66. Kd4 {[%clk 0:08:32]} b3 {[%clk 0:11:54]} 67. Bxb3 {[%clk
0:08:33]} 1/2-1/2

[Event "65+ World Senior Team Championship"]
[Site "chess24.com"]
[Date "2017.04.28"]
[Round "5"]
[White "Carlsson, Ingvar"]
[Black "Berkovich, Mark A"]
[Result "1/2-1/2"]
[Board "2"]
[WhiteElo "2130"]
[WhiteCountry "SWE"]
[WhiteFideId "1702670"]
[WhiteEloChange "6"]
[BlackElo "2345"]
[BlackTitle "IM"]
[BlackCountry "ISR"]
[BlackFideId "2801639"]
[BlackEloChange "-6"]

1. e4 {[%clk 1:30:56]} c6 {[%clk 1:30:51]} 2. Nc3 {[%clk 1:30:50]} d5 {[%clk
1:31:08]} 3. Nf3 {[%clk 1:30:56]} dxe4 {[%clk 1:31:30]} 4. Nxe4 {[%clk 1:31:19]}
Nf6 {[%clk 1:31:58]} 5. Nxf6+ {[%clk 1:28:13]} exf6 {[%clk 1:32:22]} 6. Be2
{[%clk 1:23:51]} Bd6 {[%clk 1:32:31]} 7. O-O {[%clk 1:23:11]} O-O {[%clk
1:32:56]} 8. a4 {[%clk 1:16:28]} Re8 {[%clk 1:30:48]} 9. b3 {[%clk 1:14:12]} c5
{[%clk 1:23:57]} 10. d4 {[%clk 0:56:31]} Nc6 {[%clk 1:17:25]} 11. dxc5 {[%clk
0:35:22]} Bxc5 {[%clk 1:17:03]} 12. Qxd8 {[%clk 0:35:50]} Rxd8 {[%clk 1:17:09]}
13. Bb2 {[%clk 0:31:00]} Bf5 {[%clk 1:14:23]} 14. Rac1 {[%clk 0:25:56]} a5 {[%clk
1:05:22]} 15. Rfd1 {[%clk 0:25:18]} Kf8 {[%clk 1:01:05]} 16. Kf1 {[%clk 0:25:13]}
Nb4 {[%clk 0:49:08]} 17. Ne1 {[%clk 0:23:30]} Ke7 {[%clk 0:42:27]} 18. Nd3 {[%clk
0:22:17]} Bd6 {[%clk 0:41:23]} 19. Nxb4 {[%clk 0:21:01]} Bxb4 {[%clk 0:41:30]}
20. Bd3 {[%clk 0:20:41]} Be6 {[%clk 0:39:09]} 21. Be4 {[%clk 0:20:21]} Rxd1+
{[%clk 0:38:57]} 22. Rxd1 {[%clk 0:20:49]} Rc8 {[%clk 0:39:18]} 23. c4 {[%clk
0:17:07]} b6 {[%clk 0:37:48]} 24. Ke2 {[%clk 0:14:39]} h5 {[%clk 0:37:07]} 25. h3
{[%clk 0:11:32]} h4 {[%clk 0:36:23]} 26. f4 {[%clk 0:10:20]} g6 {[%clk 0:33:33]}
1/2-1/2

[Event "65+ World Senior Team Championship"]
[Site "chess24.com"]
[Date "2017.04.28"]
[Round "5"]
[White "Svensson, Soren"]
[Black "Malisov, Boris"]
[Result "0-1"]
[Board "4"]
[WhiteElo "1992"]
[WhiteCountry "SWE"]
[WhiteFideId "1714937"]
[WhiteEloChange "-3"]
[BlackElo "2283"]
[BlackCountry "ISR"]
[BlackFideId "2802503"]
[BlackEloChange "3"]

1. d4 {[%clk 1:30:51]} c5 {[%clk 1:30:50]} 2. d5 {[%clk 1:30:59]} Nf6 {[%clk
1:31:01]} 3. c4 {[%clk 1:31:16]} g6 {[%clk 1:31:12]} 4. Nc3 {[%clk 1:31:25]} Bg7
{[%clk 1:31:35]} 5. e4 {[%clk 1:30:49]} O-O {[%clk 1:31:45]} 6. Bd3 {[%clk
1:30:26]} e6 {[%clk 1:31:45]} 7. Nf3 {[%clk 1:29:59]} exd5 {[%clk 1:31:34]} 8.
cxd5 {[%clk 1:29:43]} d6 {[%clk 1:31:57]} 9. h3 {[%clk 1:29:49]} a6 {[%clk
1:31:18]} 10. a4 {[%clk 1:29:54]} Nh5 {[%clk 1:31:22]} 11. O-O {[%clk 1:29:28]}
Nd7 {[%clk 1:31:39]} 12. Bg5 {[%clk 1:24:17]} Bf6 {[%clk 1:31:42]} 13. Be3 {[%clk
1:21:23]} Re8 {[%clk 1:27:19]} 14. Nd2 {[%clk 1:14:23]} Bd4 {[%clk 1:22:30]} 15.
Bxd4 {[%clk 1:05:41]} cxd4 {[%clk 1:22:58]} 16. Ne2 {[%clk 1:05:16]} Nc5 {[%clk
1:19:47]} 17. Nf3 {[%clk 0:50:07]} Nxe4 {[%clk 1:18:56]} 18. Nfxd4 {[%clk
0:43:49]} Qg5 {[%clk 1:18:02]} 19. Bxe4 {[%clk 0:39:32]} Rxe4 {[%clk 1:18:15]}
20. Nf3 {[%clk 0:39:41]} Qf6 {[%clk 1:17:41]} 21. Nc3 {[%clk 0:38:07]} Rb4 {[%clk
1:16:53]} 22. Re1 {[%clk 0:32:18]} Bf5 {[%clk 0:57:57]} 23. g4 {[%clk 0:28:32]}
Nf4 {[%clk 0:57:44]} 24. gxf5 {[%clk 0:25:39]} Qxf5 {[%clk 0:56:57]} 25. Ne2
{[%clk 0:14:23]} Nxh3+ {[%clk 0:53:34]} 26. Kg2 {[%clk 0:13:01]} Rxb2 {[%clk
0:49:42]} 27. Kg3 {[%clk 0:09:22]} h5 {[%clk 0:38:05]} 28. Qd4 {[%clk 0:08:14]}
Rb3 {[%clk 0:37:49]} 29. Nc3 {[%clk 0:05:39]} Rxc3 {[%clk 0:24:44]} 30. Qxc3
{[%clk 0:05:06]} Qg4+ {[%clk 0:25:03]} 31. Kh2 {[%clk 0:05:23]} Nf4 {[%clk
0:25:22]} 32. Nh4 {[%clk 0:04:24]} Qxh4+ {[%clk 0:25:17]} 33. Kg1 {[%clk
0:04:48]} Qg4+ {[%clk 0:24:48]} 34. Qg3 {[%clk 0:04:39]} Ne2+ {[%clk 0:23:58]}
35. Rxe2 {[%clk 0:05:01]} Qxe2 {[%clk 0:24:27]} 36. Qxd6 {[%clk 0:05:05]} Rc8
{[%clk 0:24:10]} 37. Qf6 {[%clk 0:02:20]} Rc4 {[%clk 0:22:27]} 38. Ra3 {[%clk
0:01:29]} Qd1+ {[%clk 0:19:54]} 39. Kh2 {[%clk 0:01:27]} Qxd5 {[%clk 0:20:08]}
40. Re3 {[%clk 0:31:12]} Qc6 {[%clk 0:48:31]} 41. Qd8+ {[%clk 0:25:48]} Kg7
{[%clk 0:48:30]} 42. Qd2 {[%clk 0:25:58]} Rc1 {[%clk 0:46:08]} 43. Qd4+ {[%clk
0:23:57]} Qf6 {[%clk 0:45:19]} 44. Qd2 {[%clk 0:22:36]} Qf4+ {[%clk 0:41:55]} 45.
Kg2 {[%clk 0:22:10]} Qg5+ {[%clk 0:41:45]} 46. Kh2 {[%clk 0:21:40]} Qg1+ {[%clk
0:41:00]} 47. Kh3 {[%clk 0:22:00]} Rc4 {[%clk 0:40:56]} 48. Rd3 {[%clk 0:21:36]}
Rh4+ {[%clk 0:41:02]} 49. Kxh4 {[%clk 0:21:52]} Qg4# {[%clk 0:41:30]} 0-1

[Event "65+ World Senior Team Championship"]
[Site "chess24.com"]
[Date "2017.04.28"]
[Round "5"]
[White "Stokes, Michael"]
[Black "Malmdin, Nils-Ake"]
[Result "1/2-1/2"]
[Board "2"]
[WhiteElo "2223"]
[WhiteCountry "ENG"]
[WhiteFideId "442542"]
[WhiteEloChange "-1"]
[BlackElo "2197"]
[BlackTitle "FM"]
[BlackCountry "SWE"]
[BlackFideId "1701584"]
[BlackEloChange "1"]

1. e4 {[%clk 1:30:43]} g6 {[%clk 1:30:14]} 2. d4 {[%clk 1:30:57]} Bg7 {[%clk
1:30:29]} 3. Nc3 {[%clk 1:30:52]} c6 {[%clk 1:26:45]} 4. Be3 {[%clk 1:28:44]} d6
{[%clk 1:25:56]} 5. f4 {[%clk 1:24:56]} b5 {[%clk 1:24:58]} 6. a3 {[%clk
1:24:11]} a6 {[%clk 1:19:40]} 7. Nf3 {[%clk 1:23:46]} Nd7 {[%clk 1:17:59]} 8. Be2
{[%clk 1:14:00]} Bb7 {[%clk 1:10:12]} 9. O-O {[%clk 1:13:33]} Ngf6 {[%clk
0:59:40]} 10. e5 {[%clk 1:08:28]} Ng4 {[%clk 0:54:56]} 11. Bc1 {[%clk 1:07:14]}
dxe5 {[%clk 0:50:55]} 12. fxe5 {[%clk 1:06:31]} Qb6 {[%clk 0:27:32]} 13. Ng5
{[%clk 0:59:16]} Ngxe5 {[%clk 0:26:54]} 14. Kh1 {[%clk 0:56:36]} h6 {[%clk
0:26:49]} 15. dxe5 {[%clk 0:53:10]} hxg5 {[%clk 0:27:10]} 16. e6 {[%clk 0:49:53]}
fxe6 {[%clk 0:25:44]} 17. Bxg5 {[%clk 0:48:49]} O-O-O {[%clk 0:21:49]} 18. Bg4
{[%clk 0:46:42]} Qc5 {[%clk 0:19:22]} 19. Bf4 {[%clk 0:43:46]} e5 {[%clk
0:18:24]} 20. Bg3 {[%clk 0:42:51]} Qc4 {[%clk 0:16:28]} 21. Qe2 {[%clk 0:40:46]}
Qxe2 {[%clk 0:16:07]} 22. Nxe2 {[%clk 0:41:07]} Bf6 {[%clk 0:15:58]} 23. Rad1
{[%clk 0:37:21]} Kc7 {[%clk 0:16:00]} 1/2-1/2

[Event "65+ World Senior Team Championship"]
[Site "chess24.com"]
[Date "2017.04.28"]
[Round "5"]
[White "Hedin, Gunnar"]
[Black "Quinn, John M"]
[Result "1/2-1/2"]
[Board "3"]
[WhiteElo "2193"]
[WhiteCountry "SWE"]
[WhiteFideId "1712381"]
[BlackElo "2176"]
[BlackCountry "ENG"]
[BlackFideId "405043"]

1. f4 {[%clk 1:29:50]} d5 {[%clk 1:30:23]} 2. Nf3 {[%clk 1:30:06]} Nf6 {[%clk
1:29:36]} 3. g3 {[%clk 1:29:41]} g6 {[%clk 1:29:27]} 4. Bg2 {[%clk 1:29:53]} Bg7
{[%clk 1:29:53]} 5. O-O {[%clk 1:30:07]} c5 {[%clk 1:28:31]} 6. d3 {[%clk
1:29:25]} d4 {[%clk 1:23:47]} 7. c3 {[%clk 1:24:36]} O-O {[%clk 1:19:50]} 8. e4
{[%clk 1:12:01]} dxe3 {[%clk 0:59:33]} 9. Bxe3 {[%clk 1:11:29]} Qc7 {[%clk
0:48:52]} 10. Na3 {[%clk 1:06:35]} a6 {[%clk 0:47:00]} 11. Qe2 {[%clk 1:03:13]}
b6 {[%clk 0:40:07]} 12. d4 {[%clk 0:59:40]} Nbd7 {[%clk 0:37:05]} 13. Ne5 {[%clk
0:53:19]} Bb7 {[%clk 0:35:46]} 14. Nxd7 {[%clk 0:52:12]} Nxd7 {[%clk 0:34:19]}
15. Bxb7 {[%clk 0:51:06]} Qxb7 {[%clk 0:34:45]} 16. dxc5 {[%clk 0:51:07]} bxc5
{[%clk 0:32:57]} 17. Rad1 {[%clk 0:48:51]} Rac8 {[%clk 0:32:00]} 18. Rd2 {[%clk
0:46:39]} Nf6 {[%clk 0:29:20]} 19. Rfd1 {[%clk 0:45:42]} h5 {[%clk 0:28:57]} 20.
Qg2 {[%clk 0:39:31]} Qxg2+ {[%clk 0:25:54]} 21. Kxg2 {[%clk 0:39:53]} Ng4 {[%clk
0:17:40]} 22. Bg1 {[%clk 0:38:18]} e5 {[%clk 0:17:06]} 23. h3 {[%clk 0:38:00]}
Nh6 {[%clk 0:16:30]} 24. fxe5 {[%clk 0:38:11]} Bxe5 {[%clk 0:14:51]} 25. Rd5
{[%clk 0:38:01]} Rfe8 {[%clk 0:15:08]} 26. Rxc5 {[%clk 0:34:36]} Nf5 {[%clk
0:13:43]} 27. Rxc8 {[%clk 0:32:19]} Rxc8 {[%clk 0:14:09]} 28. Bf2 {[%clk
0:32:23]} Bxg3 {[%clk 0:13:14]} 29. Nc2 {[%clk 0:22:53]} Bxf2 {[%clk 0:09:28]}
30. Kxf2 {[%clk 0:22:45]} Kg7 {[%clk 0:09:03]} 31. Rd7 {[%clk 0:20:27]} Rc6
{[%clk 0:07:28]} 32. Nd4 {[%clk 0:18:46]} Rf6 {[%clk 0:06:22]} 33. Nxf5+ {[%clk
0:17:43]} Rxf5+ {[%clk 0:06:48]} 34. Ke3 {[%clk 0:05:46]} g5 {[%clk 0:04:59]} 35.
Rd4 {[%clk 0:03:10]} Rf1 {[%clk 0:03:33]} 36. Rd3 {[%clk 0:01:28]} g4 {[%clk
0:01:40]} 1/2-1/2

[Event "65+ World Senior Team Championship"]
[Site "chess24.com"]
[Date "2017.04.28"]
[Round "5"]
[White "Algars, Olle"]
[Black "Watzka, Horst"]
[Result "0-1"]
[Board "1"]
[WhiteElo "1980"]
[WhiteCountry "SWE"]
[WhiteFideId "1702513"]
[WhiteEloChange "-5"]
[BlackElo "2165"]
[BlackTitle "FM"]
[BlackCountry "AUT"]
[BlackFideId "1600311"]
[BlackEloChange "5"]

1. Nf3 {[%clk 1:30:54]} c5 {[%clk 1:30:45]} 2. c4 {[%clk 1:30:16]} Nc6 {[%clk
1:31:06]} 3. g3 {[%clk 1:30:33]} g6 {[%clk 1:28:56]} 4. Nc3 {[%clk 1:29:09]} Bg7
{[%clk 1:28:02]} 5. Bg2 {[%clk 1:28:25]} e5 {[%clk 1:26:17]} 6. O-O {[%clk
1:24:28]} Nge7 {[%clk 1:26:06]} 7. d3 {[%clk 1:23:33]} d6 {[%clk 1:25:52]} 8. Rb1
{[%clk 1:23:16]} O-O {[%clk 1:24:29]} 9. a3 {[%clk 1:23:35]} a5 {[%clk 1:24:47]}
10. Ne1 {[%clk 1:19:31]} Be6 {[%clk 1:19:59]} 11. Nc2 {[%clk 1:08:38]} d5 {[%clk
1:16:28]} 12. cxd5 {[%clk 1:09:01]} Nxd5 {[%clk 1:16:51]} 13. Ne3 {[%clk
1:09:20]} Nde7 {[%clk 1:14:10]} 14. b3 {[%clk 0:59:24]} Rb8 {[%clk 1:08:32]} 15.
a4 {[%clk 0:56:26]} b6 {[%clk 1:07:22]} 16. Nc4 {[%clk 0:54:32]} Qd7 {[%clk
1:05:06]} 17. Bb2 {[%clk 0:43:46]} Bh3 {[%clk 1:03:51]} 18. Ne4 {[%clk 0:38:22]}
Bxg2 {[%clk 1:03:12]} 19. Kxg2 {[%clk 0:38:47]} f5 {[%clk 1:00:30]} 20. Ng5
{[%clk 0:37:42]} h6 {[%clk 0:55:56]} 21. Nf3 {[%clk 0:37:46]} Qe6 {[%clk
0:56:13]} 22. Nfd2 {[%clk 0:35:39]} Rfd8 {[%clk 0:55:07]} 23. f3 {[%clk 0:35:27]}
Nd5 {[%clk 0:51:07]} 24. Ba1 {[%clk 0:31:01]} Rd7 {[%clk 0:49:32]} 25. Re1 {[%clk
0:29:51]} Ndb4 {[%clk 0:48:27]} 26. Bc3 {[%clk 0:27:54]} Kh7 {[%clk 0:45:40]} 27.
Qc1 {[%clk 0:26:33]} Na2 {[%clk 0:42:50]} 28. Qb2 {[%clk 0:26:55]} Nxc3 {[%clk
0:43:13]} 29. Qxc3 {[%clk 0:27:22]} e4 {[%clk 0:41:16]} 30. Qc1 {[%clk 0:27:46]}
exd3 {[%clk 0:41:24]} 31. exd3 {[%clk 0:28:10]} Qd5 {[%clk 0:41:28]} 32. Re3
{[%clk 0:27:18]} h5 {[%clk 0:40:52]} 33. Kh3 {[%clk 0:26:33]} Bd4 {[%clk
0:38:32]} 34. Re2 {[%clk 0:26:38]} Nb4 {[%clk 0:37:52]} 35. Nb2 {[%clk 0:24:32]}
Rf8 {[%clk 0:30:29]} 36. Ndc4 {[%clk 0:21:37]} Qxf3 {[%clk 0:29:35]} 37. Qd2
{[%clk 0:19:31]} f4 {[%clk 0:29:13]} 38. Ne5 {[%clk 0:18:56]} Bxe5 {[%clk
0:28:03]} 39. Rxe5 {[%clk 0:19:22]} Qg4+ {[%clk 0:19:13]} 40. Kg2 {[%clk
0:49:45]} h4 {[%clk 0:49:32]} 41. Qf2 {[%clk 0:44:15]} Rdf7 {[%clk 0:48:20]} 42.
Rf1 {[%clk 0:38:34]} h3+ {[%clk 0:43:57]} 43. Kh1 {[%clk 0:34:19]} fxg3 {[%clk
0:43:18]} 44. Qxf7+ {[%clk 0:34:08]} Rxf7 {[%clk 0:43:37]} 45. Rxf7+ {[%clk
0:34:26]} Kh6 {[%clk 0:43:45]} 46. Re4 {[%clk 0:34:44]} Qg5 {[%clk 0:42:26]} 47.
hxg3 {[%clk 0:31:32]} Qd2 {[%clk 0:39:51]} 48. Rh4+ {[%clk 0:31:25]} Kg5 {[%clk
0:40:15]} 49. Rxh3 {[%clk 0:31:25]} Qxb2 {[%clk 0:40:15]} 0-1

[Event "65+ World Senior Team Championship"]
[Site "chess24.com"]
[Date "2017.04.28"]
[Round "5"]
[White "Nickl, Klaus"]
[Black "Danielsson, Robert"]
[Result "1-0"]
[Board "2"]
[WhiteElo "2045"]
[WhiteCountry "AUT"]
[WhiteFideId "1601024"]
[WhiteEloChange "8"]
[BlackElo "1967"]
[BlackCountry "SWE"]
[BlackFideId "1711490"]
[BlackEloChange "-8"]

1. d4 {[%clk 1:30:30]} Nf6 {[%clk 1:30:30]} 2. Nf3 {[%clk 1:30:30]} g6 {[%clk
1:30:30]} 3. Bf4 {[%clk 1:30:30]} Bg7 {[%clk 1:30:30]} 4. h3 {[%clk 1:30:30]} d5
{[%clk 1:30:30]} 5. e3 {[%clk 1:30:30]} c5 {[%clk 1:30:30]} 6. c3 {[%clk
1:30:30]} O-O {[%clk 1:30:30]} 7. Nbd2 {[%clk 1:30:30]} Qb6 {[%clk 1:30:30]} 8.
Qb3 {[%clk 1:30:30]} c4 {[%clk 1:30:30]} 9. Qa3 {[%clk 1:30:30]} Nc6 {[%clk
1:30:30]} 10. b3 {[%clk 1:30:30]} cxb3 {[%clk 1:30:30]} 11. axb3 {[%clk 1:30:30]}
Nd7 {[%clk 1:30:30]} 12. Be2 {[%clk 1:30:30]} e5 {[%clk 1:30:30]} 13. dxe5 {[%clk
1:30:30]} Ndxe5 {[%clk 1:30:30]} 14. Nd4 {[%clk 1:30:30]} Bd7 {[%clk 1:30:30]}
15. O-O {[%clk 1:30:30]} Rfc8 {[%clk 1:30:30]} 16. Rfc1 {[%clk 1:30:30]} Bf8
{[%clk 1:30:30]} 17. Qa2 {[%clk 1:30:30]} Nxd4 {[%clk 1:30:30]} 18. exd4 {[%clk
1:30:30]} Nc6 {[%clk 1:30:30]} 19. Bf3 {[%clk 1:30:30]} Be6 {[%clk 1:30:30]} 20.
b4 {[%clk 1:30:30]} Rd8 {[%clk 1:30:30]} 21. Nb3 {[%clk 1:30:30]} Re8 {[%clk
1:30:30]} 22. Nc5 {[%clk 1:30:30]} Rad8 {[%clk 1:30:30]} 23. Na4 {[%clk 1:30:30]}
Qa6 {[%clk 1:30:30]} 24. Bc7 {[%clk 1:30:30]} b6 {[%clk 1:30:30]} 25. Bxd8 {[%clk
1:30:30]} Rxd8 {[%clk 1:30:30]} 26. Qd2 {[%clk 1:30:30]} Qc8 {[%clk 1:30:30]} 27.
Nb2 {[%clk 1:30:30]} Qd7 {[%clk 1:30:30]} 28. Nd3 {[%clk 1:30:30]} f6 {[%clk
1:30:30]} 29. Re1 {[%clk 1:30:30]} Bf7 {[%clk 1:30:30]} 30. Bd1 {[%clk 1:30:30]}
Bd6 {[%clk 1:30:30]} 31. Ba4 {[%clk 1:30:30]} Bb8 {[%clk 1:30:30]} 32. Re2 {[%clk
1:30:30]} Qd6 {[%clk 1:30:30]} 33. g3 {[%clk 1:30:30]} Ne7 {[%clk 1:30:30]} 34.
Bc2 {[%clk 1:30:30]} Nf5 {[%clk 1:30:30]} 35. Nf4 {[%clk 1:30:30]} Ng7 {[%clk
1:30:30]} 36. h4 {[%clk 1:30:30]} Qc7 {[%clk 1:30:30]} 37. Rae1 {[%clk 1:30:30]}
Rc8 {[%clk 1:30:30]} 38. Re3 {[%clk 1:30:30]} Qc4 {[%clk 1:30:30]} 39. Ne2 {[%clk
1:30:30]} Qc7 {[%clk 1:30:30]} 40. Kg2 {[%clk 1:30:30]} Qd6 {[%clk 1:30:30]} 41.
Ra1 {[%clk 1:30:30]} Rc7 {[%clk 1:30:30]} 42. Bd3 {[%clk 1:30:30]} Qd7 {[%clk
1:30:30]} 43. Qa2 {[%clk 1:30:30]} Rc8 {[%clk 1:30:30]} 44. Qa4 {[%clk 1:30:30]}
Qxa4 {[%clk 1:30:30]} 45. Rxa4 {[%clk 1:30:30]} Kf8 {[%clk 1:30:30]} 46. Ba6
{[%clk 1:30:30]} Rc7 {[%clk 1:30:30]} 47. Ra3 {[%clk 1:30:30]} Nf5 {[%clk
1:30:30]} 48. Rf3 {[%clk 1:30:30]} Kg7 {[%clk 1:30:30]} 49. Bd3 {[%clk 1:30:30]}
Nd6 {[%clk 1:30:30]} 50. Re3 {[%clk 1:30:30]} Nc8 {[%clk 1:30:30]} 51. Nf4 {[%clk
1:30:30]} Rc6 {[%clk 1:30:30]} 52. Bb5 {[%clk 1:30:30]} Rd6 {[%clk 1:30:30]} 53.
Ba6 {[%clk 1:30:30]} Rd8 {[%clk 1:30:30]} 54. Ne6+ {[%clk 1:30:30]} Bxe6 {[%clk
1:30:30]} 55. Rxe6 {[%clk 1:30:30]} Kf7 {[%clk 1:30:30]} 56. Bxc8 {[%clk
1:30:30]} Rxc8 {[%clk 1:30:30]} 57. Re2 {[%clk 1:30:30]} a5 {[%clk 1:30:30]} 58.
bxa5 {[%clk 1:30:30]} Bd6 {[%clk 1:30:30]} 59. Raa2 {[%clk 1:30:30]} bxa5 {[%clk
1:30:30]} 60. Rxa5 {[%clk 1:30:30]} Rxc3 {[%clk 1:30:30]} 61. Rxd5 {[%clk
1:30:30]} Bf8 {[%clk 1:30:30]} 62. Rd7+ {[%clk 1:30:30]} Kg8 {[%clk 1:30:30]} 63.
Re8 {[%clk 1:30:30]} 1-0